000 00441nab a2200145Ia 4500
003 ES-SlBCS
005 20210601132854.0
008 140529s1966 xxu||||| |||| 00| 0 ita d
041 _aita
100 1 _aNegri, Antimo
_959984
245 0 0 _aLa filosofia dell'integralità
_c Antimo Negri
650 0 4 _aFilosofía de la Integralidad
_9199663
773 0 _tGiornali di Metafisica
_gvol. 21, nº. 1, 1966, págs. 115-121
_w0017-0372
942 _cAR
999 _c586981
_d586981